Ways to die in Minecraft - Statistics

General Stats
  • This quiz has been taken 17 times
    14 since last reset
  • The average score is 2 of 14
Answer Stats
Answer % Correct
Drown
77%
Fall damage
69%
Burn in lava
8%
Magic
8%
Blowing up
0%
Dragon breath
0%
Dying to magma
0%
Falling into the void
0%
Getting impaled
0%
Getting struck by lightning
0%
Hitting an entity with the thorns enchanment
0%
Hitting the wall to hard with an elytra
0%
Leaving the world border
0%
Suffocating in a wall
0%
No matching quizzes found
Score Distribution
Percent of People with Each Score
Percentile by Number Answered
Your Score History
You have not taken this quiz since the last reset